00979cam a22002174a 4500020002500000041000800025082001600033100002400049245006000073260004700133300001300180490002100193505024800214650004600462650002000508700001900528942000700547952009500554952009500649999001700744 a9780801029523 (pbk.) aENG00a246.72bJOH1 aJohnson, Todd Eric,10aPerforming the sacred :Theology and theatre in Dialogue aGrand Rapids, MI :bBaker Academic,c2009. a175 p. ;0 aEngaging culture0 aA survey of Christianity and theatre in history -- The theology of the theatrical process -- Live theatre in a virtual world -- The Christian at work : being an artist in the theatre -- The Christian at play : being an audience in the theatre. 0aTheatre - Religious AspectsaChristianity 0aPerforming arts1 aSavidge, Dale, cBK 00104070aHMIbHMIcGENd2018-11-23l0o246.72 JOHp11003935r2026-01-16w2026-01-16yBK 00104070aHMIbHMIcGENd2018-11-23l0o246.72 JOHp11003936r2026-01-16w2026-01-16yBK c22539d22539